Statistiken für Gebäude

Klicken Sie hier um das Quiz zu spielen!

Allgemein

  • Dieses Quiz wurde 18 mal gespielt
  • Das Durchschnittsergebnis liegt bei 6 aus 36

Antwortstatistiken

DeutschSpanisch% Korrekt
Das HausLa casa
100%
Die KücheLa cocina
40%
Das BadezimmerEl baño
27%
Die DuscheLa ducha
27%
Die Türla puerta
27%
Das FensterLa ventana
27%
Der Flur
El corredor/El pasillo/
El recibidor/El vestíbulo
20%
Das Wohnzimmer
La Sala (de estar)/
El salón
20%
Die Wohnung
La vivienda/
El piso/
El apartamento
20%
Das SchlafzimmerEl dormitorio/la recámara (lat.am)
20%
Das GebäudeEl edificio
20%
Der StuhlEl sillo
20%
Der EingangLa entrada
20%
Der SchrankEl armario
13%
Das EsszimmerEl comedor/El antecomedor (lat.am)
13%
Der RaumEl cuarto/La habitación
13%
Der SesselEl sillón
13%
Das SofaEl sofá
13%
Der BodenEl suelo
13%
Das DachEl techo
13%
Die DeckeEl techo
13%
Der TeppichLa alfombra
13%
Die SäuleLa columna/El estelo
13%
Die TreppeLa escalera
13%
Der Fensterrahmen
El marco de ventana/
El jambaje
7%
Die Lampe
La lámpara/el faro
La veladora (Lat.am)
7%
Das WaschbeckenEl lavabo
7%
Die FensterscheibeEl vidrio
7%
Der KellerLa bodega/El sótano/La sumillería
7%
Die StehlampeLa lámpara de pie
7%
Die Türklinke/Der Türgriff
La manija de la puerta/
El asidero de puerta
0%
Die WandlampeEl aplique
0%
Der KronleuchterLa araña de cristal
0%
Die NachttischlampeLa lámpara cabecera
0%
Die TischlampeLa lámpara de mesa
0%
Die DeckenlampeLa lámpara de techo
0%

Verteilung der Resultate

Perzentil nach korrekt beantworteten Fragen

Anzahl Personen mit jedem Resultat

Ihre Resultats-Entwicklung

Sie haben dieses Quiz noch nicht gespielt